[Event "Belgrade Spring Open 2021"]
[Site "Belgrade"]
[Date "2021.04.04"]
[Round "3.6"]
[White "Janjic, Stefan"]
[Black "Pastar, Slaven"]
[Result "1/2-1/2"]
[WhiteElo "2176"]
[BlackElo "2374"]
[Annotator "TA"]
[PlyCount "198"]
[EventDate "2021.04.02"]
[EventType "swiss"]
[EventCountry "SRB"]
[SourceTitle "playchess.com"]
[Source "ChessBase"]
[SourceQuality "1"]

{[%evp 16,198,18,18,31,7,14,16,24,18,18,28,16,14,30,27,33,28,37,18,37,38,38,33,62,0,17,0,0,0,0,-13,0,-23,-16,-34,0,0,0,0,0,0,-1,-2,0,-8,-9,-12,-12,-12,-12,-14,-13,-17,-8,-17,-9,-9,-13,-13,-5,-13,-11,-14,0,-15,-10,-8,-17,-46,-46,-46,-46,-46,-46,-46,-46,-46,-46,-46,0,-46,-45,-46,-45,-46,-46,-46,-46,-253,-258,-251,-101,-210,-142,-176,-150,-616,-614,-612,-588,-616,-587,-556,-530,-504,-494,-446,-88,-183,0,0,0,0,0,-513,-436,-537,-522,-508,0,-193,-219,-673,0,0,0,-384,0,0,0,0,0,0,0,0,0,0,0,0,0,0,0,0,0,0,29976,0,73,0,0,0,0,0,0,0,0,0,0,0,0,0,0,0,0,0,0,0,0,0,0,0,0,0,0,0,0,0,0,0,0,0,0,0,0]} 1. d4 Nf6 2. Nf3 b6 3. g3 Bb7 4. Bg2 c5 5. O-O e6 6. c4 cxd4 7. Nxd4 Bxg2 8. Kxg2 Qc8 {8...Qc7 is not played anymore.} 9. b3 Qb7+ {A30: Symmetrical English: Double Fianchetto and Hedgehog.} 10. Kg1 a6 11. Nc3 {[#]} Bb4 $146 ({Predecessor:} 11... Be7 12. Bb2 O-O 13. Rc1 d6 14. f3 Nbd7 15. e4 Rac8 16. Kh1 Rfd8 17. Qe2 Bf8 18. Rfd1 {½-½ (17) Tomczak,M (2435)-Janik,I (2489) Katowice 2020}) 12. Bb2 O-O 13. Qd3 Rd8 14. Rfd1 h6 15. Rac1 Be7 16. Rd2 d6 17. Rcd1 Nbd7 18. Qf3 Qxf3 19. exf3 Rdc8 20. Ne4 (20. f4 $14) 20... d5 21. Nxf6+ Nxf6 22. cxd5 Nxd5 23. Nc2 Bc5 24. Kf1 b5 25. Bd4 Be7 26. Ne3 Nb4 27. a3 Nc6 28. Bb2 Rd8 29. Rxd8+ Rxd8 30. Rxd8+ Bxd8 $11 {[%mdl 4096] Endgame KBN-KBN} 31. Ke2 Na5 32. b4 Nc6 33. f4 Bb6 34. Nc2 h5 35. h3 f6 36. g4 hxg4 37. hxg4 Kf7 38. f3 g6 39. Kd3 Ne7 40. Bc1 f5 41. Nd4 Bc7 42. Ne2 Nd5 43. Kd4 Ke7 44. Kd3 Kd7 45. Bd2 Bd6 46. Bc1 Nb6 47. Nd4 Nd5 48. Ne2 Nf6 49. g5 Nd5 50. Kd4 Bf8 51. Kd3 Bg7 52. Nd4 $2 (52. Bd2 $15) 52... Bxd4 $19 53. Kxd4 {KB-KN} Kd6 54. Bd2 Ne7 $1 55. Bc3 Nc6+ 56. Ke3 $2 (56. Kd3 $17) 56... Kd5 57. Kd3 Nd8 58. Ba1 {intending Be5.} Nf7 {[%cal Rf7d6]} 59. Bb2 Nd6 60. Bc1 Nc4 61. Kc3 {and the idea Kd3 leaves White hopeful.} Nb6 $2 (61... e5 $19 {and Black stays clearly on top. And now ...e4 would win.} 62. fxe5 Kxe5) 62. Bd2 (62. Kd3 $17 {was the only defense.}) 62... Na4+ $2 ({Better is} 62... e5 $1 $19 63. fxe5 Kxe5) 63. Kd3 $11 Nb2+ 64. Kc3 Nc4 $2 {[%mdl 8192]} (64... Nd1+ $11 65. Kd3 Nb2+ 66. Kc3 Nc4) 65. Bc1 $19 e5 66. fxe5 Kxe5 67. a4 f4 $2 (67... Kd5 $1 $19 68. axb5 axb5) 68. axb5 $2 (68. a5 $1 $11 {and White stays safe.}) 68... axb5 69. Kd3 $2 (69. Kc2) 69... Nb6 $2 (69... Kf5 $19 70. Ke2 Kxg5) 70. Bb2+ $11 Kf5 71. Bc1 $2 {[%mdl 8192]} (71. Bd4 $11 Nc4 72. Bc3) 71... Nd5 $2 ({Black should try} 71... Nc4 $1 $19 {[%cal Rc4e5]} 72. Ke2 Kxg5) 72. Bd2 Nc7 73. Bc3 Ne6 74. Bf6 Nc7 (74... Nf8 {is more complex.} 75. Kd4 Nd7 76. Bg7 Kxg5 77. Ke4 Nf6+) 75. Kd4 Ne6+ 76. Kd5 (76. Kd3 {seems wilder.}) 76... Nxg5 77. Bxg5 Kxg5 {K3P-KPP} 78. Ke5 Kh5 {Hoping for ...g5.} 79. Kxf4 {KPP-KPP} Kh4 (79... g5+ {keeps more tension.} 80. Kf5 Kh4 81. Kf6 Kh5 82. Kf7 Kh4) 80. Ke4 {Black must now prevent f4.} Kh3 $2 {[%mdl 8192] [#]} (80... g5 $11) 81. Kf4 $2 (81. f4 $1 {mates} Kg4 82. Ke5 Kh5 83. Kd6 Kg4 84. Ke5 Kh4 85. f5 gxf5 86. Kxf5) 81... Kg2 {[#]} (81... Kh4 $1 $11 {remains equal.}) 82. Kg4 ({White should play} 82. Ke3 $1 $16 {aiming for f4.} g5 83. f4) 82... Kf2 {The position is equal.} 83. Kf4 (83. f4 {is interesting.} Ke3 84. Kg3 Ke4 85. Kg4 Kd5 86. Kg5) 83... Ke2 84. Kg4 Ke3 85. f4 $1 Ke4 86. Kg5 Ke3 87. Kg4 $1 Kd4 (87... Ke4 {with more complications.}) 88. Kh4 (88. Kg5 {is more complex.} Ke3) 88... Kd5 (88... Ke3 {looks sharper.} 89. Kg5 Ke4 90. Kg4 Kd4) 89. Kg5 Ke4 90. Kg4 $1 Kd3 91. Kh4 (91. Kg5 {is interesting.} Ke4) 91... Ke2 92. Kg4 $1 Ke3 (92... Kd2 {keeps more tension.} 93. Kg5 Ke3) 93. Kg5 Ke4 (93... Kf3 $5) 94. Kg4 $1 Kd3 95. Kg5 Ke4 (95... Ke3 $5) 96. Kg4 $1 Ke3 97. Kg5 Ke4 98. Kg4 $1 Kd3 99. Kg5 Ke4 {What a bad dream for Black.  Weighted Error Value: White=0.28/Black=0.06} (99... Ke3 $5) 1/2-1/2

[Event "Belgrade Spring Open 2021"]
[Site "Belgrade"]
[Date "2021.04.04"]
[Round "3.7"]
[White "Thybo, Jesper Sondergaard"]
[Black "Kliashtornyi, Arkadii"]
[Result "1-0"]
[WhiteElo "2568"]
[BlackElo "1611"]
[Annotator "TA"]
[PlyCount "63"]
[EventDate "2021.04.02"]
[EventType "swiss"]
[EventCountry "SRB"]
[SourceTitle "playchess.com"]
[Source "ChessBase"]
[SourceQuality "1"]

{[%evp 13,63,-4,-7,-16,13,1,89,81,214,188,195,197,216,204,204,209,214,210,214,139,293,256,371,376,394,393,379,382,492,488,492,489,492,482,489,479,492,490,482,475,469,463,1280,1266,1264,1265,1206,1187,1735,809,29995,658]} 1. d4 {Sadorra, Julio} d5 2. c4 e6 3. Nf3 Nf6 4. Nc3 c6 5. g3 dxc4 6. Bg2 b5 7. Ne5 Nd5 {7...a6 is the modern continuation.} 8. e4 {E04: Open Catalan: 5 Nf3.} Nxc3 9. bxc3 Bb7 (9... Bd6 $11 {keeps the balance.}) 10. Qh5 $16 {[%csl Ge5][%cal Rh5f7] White is better.} g6 {[#]} (10... Qc7 $16 {is a better defense.}) 11. Nxg6 $1 $40 {[%mdl 640] White wants a kill.} fxg6 12. Qe5 {[%csl LRe6,LRh8] [#]} c5 $146 ({Not} 12... Qa5 $2 13. O-O $18) ({Predecessor:} 12... Nd7 13. Qxh8 Qe7 14. h4 Qf7 15. h5 gxh5 16. Bg5 Qg6 17. f4 Kf7 18. Bf3 Bb4 19. cxb4 Rxh8 20. Bxh5 {1-0 (37) Sadorra,J (2553)-Repka,C (2523) Batumi 2018 CBM 187 [Sadorra, Julio]}) 13. Qxh8 Qe7 14. Bh6 {Strongly threatening Bxf8.} Nd7 {With the idea ...0-0-0.} 15. Bxf8 Nxf8 16. Qe5 a6 $2 (16... Nd7 $16 17. Qh8+ Nf8) 17. dxc5 {Threatens to win with 0-0-0.} Nd7 (17... O-O-O $142 18. a4 Nd7) 18. Qh8+ Nf8 19. Rd1 Qxc5 20. O-O Rd8 21. Rxd8+ Kxd8 22. Rd1+ Ke8 23. Qf6 {[%csl Gf6][%cal Rd1d8]} Qe7 24. Qe5 Nd7 25. Qc7 Nc5 26. Qb8+ Kf7 27. Rd8 Bxe4 (27... Nd7 $142 28. Qf4+ (28. Qxb7 Qxd8 29. Bh3 h5 $16) 28... Nf6) 28. Rh8 Kf6 29. Qf4+ {[%mdl 64] Double Attack} Bf5 30. Qh6 Nd7 31. Rxh7 (31. Rg8 $142 e5 32. Bd5) 31... Qd6 32. Qg7+ {[%mdl 64] Double Attack. White took control after the opening.  Weighted Error Value: White=0.08/Black=0.72} 1-0

[Event "Belgrade Spring Open 2021"]
[Site "Belgrade"]
[Date "2021.04.04"]
[Round "3.8"]
[White "Maric, Dragan"]
[Black "Draskovic, Luka"]
[Result "1/2-1/2"]
[WhiteElo "2121"]
[BlackElo "2472"]
[Annotator "TA"]
[PlyCount "102"]
[EventDate "2021.04.02"]
[EventType "swiss"]
[EventCountry "SRB"]
[SourceTitle "playchess.com"]
[Source "ChessBase"]
[SourceQuality "1"]

{[%evp 16,102,10,-5,49,39,83,79,86,77,98,91,96,77,72,69,86,83,97,58,70,57,70,48,50,19,19,19,19,13,14,10,49,49,51,59,66,55,48,42,58,23,37,21,85,77,82,61,93,85,121,130,123,123,133,0,0,0,0,0,153,153,156,153,161,157,211,133,93,0,195,195,285,266,203,0,0,0,0,0,0,0,0,0,0,0,0,0,0]} 1. e4 c5 2. Nf3 d6 3. c3 Nf6 4. h3 g6 5. Bd3 Bg7 6. Bc2 Nc6 7. O-O O-O 8. Re1 e5 9. d4 Qc7 {B50: Sicilian: 2...d6, Miscellaneous.} (9... exd4 $11 10. cxd4 cxd4) 10. d5 $14 Nb8 11. c4 {[#]} Ne8 $146 {White is better.} ({Predecessor:} 11... Nbd7 12. Nc3 a6 13. Bd3 Rb8 14. Bf1 Qd8 15. a4 h6 16. g3 Qe7 17. Ra3 Ne8 {0-1 (80) Blasek,R (2274)-Van Zutphen,J (2194) Germany 2009}) 12. Nc3 Qe7 13. Bg5 f6 14. Bh4 Bh6 15. a3 Na6 16. Rb1 Ng7 17. Nh2 Nh5 18. f3 Bg5 19. Bf2 f5 20. b4 Bh4 {Threatening ...Bxf2+.} 21. Qd2 Bxf2+ 22. Qxf2 f4 23. Nf1 Nf6 24. Ba4 Bd7 25. Bb5 Rfc8 26. Bxa6 bxa6 27. Nd2 Be8 28. Qe2 Qc7 29. b5 axb5 (29... Nh5 $11 {remains equal.}) 30. cxb5 $16 c4 31. Rec1 Nd7 32. a4 a5 33. bxa6 Rxa6 34. Nb5 $1 {[%cal Rb5c7]} Qc5+ 35. Qf2 ({Better is} 35. Kh1 $16 Rxa4 36. Rxc4 $1 Rxc4 37. Nxc4) 35... Qxf2+ $1 $11 36. Kxf2 Nc5 {Hoping for ...Nd3+.} 37. Rxc4 {Black must now prevent Kg1.} Bxb5 $2 ({Black should play} 37... Kf7 $11) 38. axb5 $16 ({Resist} 38. Rxb5 $6 Rca8 $11) 38... Ra2 39. Ke2 Kf8 40. b6 Ke7 (40... Rb8 $16 41. Kd1 Ra6) 41. Rc3 Kd7 42. Kd1 (42. Ke1 $16) 42... Rca8 $2 {[#]} (42... Na4 $1 $11 {and Black has nothing to worry.} 43. Rxc8 Kxc8 44. b7+ Kb8) 43. Rc2 $1 $18 Rxc2 (43... Ra1 {was called for.} 44. Rxa1 Rxa1+ 45. Ke2 Ra4) 44. Kxc2 {[%mdl 4096] Endgame KRN-KRN} Ra2+ 45. Rb2 $2 (45. Kc3 $18 Nb7 46. Rb2) 45... Rxb2+ $11 {The position is equal.} 46. Kxb2 {Strongly threatening Nc4. KN-KN} Na4+ {[%mdl 64] Double Attack} 47. Kc2 {aiming for Nc4.} Nxb6 48. Kd3 Kc7 49. Nf1 Na4 50. g4 g5 51. Nd2 Nb2+ {Blacks defense is rewarded with a draw.  Weighted Error Value: White=0.18/Black=0.31} 1/2-1/2

[Event "Belgrade Spring Open 2021"]
[Site "Belgrade"]
[Date "2021.04.04"]
[Round "3.9"]
[White "Kaasen, Tor Fredrik"]
[Black "Maksimovic, Masa"]
[Result "1-0"]
[WhiteElo "2397"]
[BlackElo "2017"]
[Annotator "TA"]
[PlyCount "71"]
[EventDate "2021.04.02"]
[EventType "swiss"]
[EventCountry "SRB"]
[SourceTitle "playchess.com"]
[Source "ChessBase"]
[SourceQuality "1"]

{[%evp 16,71,41,21,58,77,66,72,80,45,49,46,52,50,93,103,98,93,100,75,144,124,127,123,103,135,118,131,191,170,198,189,327,314,362,322,295,298,354,350,372,367,374,352,673,497,472,377,390,390,378,365,577,577,570,563,635,611]} 1. e4 c5 2. Nf3 d6 3. d4 cxd4 4. Nxd4 Nf6 5. Nc3 Nc6 6. Bg5 e6 7. Qd2 a6 8. O-O-O Bd7 {The main line 8...Bd7 scores better than 8...h6.} 9. f3 h5 {B67: Sicilian: Richter-Rauzer: 7...a6 8 0-0-0 Bd7, lines without 9 f4 Be7.} 10. f4 Be7 11. Be2 {[#]} Rc8 $146 {White is better.} ({Predecessor:} 11... b5 12. Bf3 Rc8 13. Nxc6 Bxc6 14. Rhe1 b4 15. Bxf6 gxf6 16. Ne2 Qa5 17. Kb1 h4 {1-0 (64) Bonanno,A (2072)-Hitzgerova,G (2245) Milan 2000}) 12. Bf3 Qc7 13. Kb1 Nxd4 14. Qxd4 e5 {White now steadily converts the win.} 15. Qd2 Bc6 16. Rhe1 O-O 17. f5 h4 ({Black should play} 17... Rfd8) 18. g3 h3 19. g4 Nh7 20. Be3 Qd8 21. g5 Bxg5 {[#]} (21... Nxg5 $16 22. Bh1 Kh8) 22. Rg1 $1 $18 {[%cal Re3g5]} (22. Qxd6 Qxd6 23. Rxd6 Bxe3 $11) 22... Bxe3 23. Qxe3 Qf6 (23... b5 {might work better.} 24. Be2 (24. Qh6 Qf6 $16) 24... f6) 24. Rg3 Kh8 25. Rdg1 Qh6 26. Qe2 Rg8 27. Bh5 g6 28. fxg6 fxg6 29. Bxg6 Bd7 $2 (29... Rc7 30. Qd3 Qf8) 30. Nd5 Rg7 {and if ...Rcg8 works, Black does fine.} 31. Bxh7 Rxg3 32. Rxg3 Kxh7 33. Nb6 Rg8 (33... Rd8 $142 34. Qc4 Bc6 35. Qf7+ Kh8) 34. Rxg8 {White is clearly winning.} ({But not} 34. Nxd7 $2 Rxg3 35. b4 (35. hxg3 $2 {loses.} h2 $19) 35... Rg1+ 36. Kb2 Qc1+ 37. Kb3 Rg2 $19) 34... Kxg8 35. Nxd7 Qg7 {[#] ( -> ...Qg1+)} 36. Qg4 $3 {[%mdl 512] Weighted Error Value: White=0.15/Black=0.42} 1-0

[Event "Belgrade Spring Open 2021"]
[Site "Belgrade"]
[Date "2021.04.04"]
[Round "3.10"]
[White "Dimitrijevic, Dusan"]
[Black "Martic, Ivan"]
[Result "1-0"]
[WhiteElo "2092"]
[BlackElo "2318"]
[Annotator "TA"]
[PlyCount "93"]
[EventDate "2021.04.02"]
[EventType "swiss"]
[EventCountry "SRB"]
[SourceTitle "playchess.com"]
[Source "ChessBase"]
[SourceQuality "1"]

{[%evp 11,93,43,95,36,65,56,68,68,64,40,27,28,63,63,62,57,82,72,64,85,103,97,87,80,66,-18,-18,-13,-23,-29,-25,-112,-103,-85,-4,0,-14,-7,22,0,396,187,476,463,29988,348,347,352,401,401,395,396,401,401,401,401,401,356,603,401,401,401,541,538,512,472,557,549,1658,662,1330,1301,1293,1293,1047,933,29973,29973,29987,29988,29997,29998,29998,29999]} 1. e4 g6 2. d4 Bg7 3. Nc3 d6 4. Bc4 Nf6 5. Qe2 O-O 6. e5 Ne8 {[#]} (6... Nfd7 $14) 7. Nf3 {B07: Pirc Defence: Miscellaneous Systems.} (7. Bg5 $1 $16) 7... Bg4 8. Bg5 $1 {[#]} Qd7 $146 ({Predecessor:} 8... Nc6 9. O-O-O h6 10. Bh4 Qc8 11. Nd5 g5 12. Bg3 e6 13. Ne3 Bxf3 14. gxf3 dxe5 15. dxe5 Nxe5 16. Bxe5 Bxe5 17. h4 Ng7 18. hxg5 hxg5 19. Ng4 Bf4+ 20. Kb1 Re8 21. Nf6+ Kf8 22. Rh8+ Ke7 23. Nd5+ {1-0 (23) Kuzubov,Y (2636)-Jansa,V (2452) Douglas 2019}) 9. O-O-O {White is slightly better.} c6 10. h4 b5 11. Bd3 f6 12. exf6 Nxf6 13. Rde1 Rf7 14. Qe3 Na6 15. Bxf6 exf6 16. h5 Bxh5 {[#]} 17. d5 $1 {[%cal Rd5c6]} Nb4 18. Bf1 (18. dxc6 $14 Nxd3+ 19. Qxd3 Qxc6 20. Nd5) 18... Nxd5 $11 19. Nxd5 cxd5 20. Nd4 f5 21. Bd3 (21. Qd2 $11) 21... f4 22. Qe6 Bxd4 (22... Qxe6 $17 23. Nxe6 Be5 24. Bxb5 Rb8) 23. Qxd5 Bxb2+ $1 24. Kxb2 Rd8 25. f3 {Threatening Re4.} Qb7 $2 {[%mdl 8192] Black is now going downhill.} (25... Qc7 $11) 26. Qg5 (26. Rxh5 $142 {And now Qg5! would win.} Rc8 27. Qxb7 Rxb7 28. Rd5) 26... Rdf8 $2 (26... Qb6 {is a better defense.}) 27. Rxh5 $18 Qb6 (27... Rg7 $18 28. Rh4 Qf7) 28. Rhh1 $2 (28. Bxg6 {mates} Qd4+ 29. c3 Qd2+ 30. Kb3 hxg6 31. Qxg6+ Rg7 32. Qe6+ Rff7 33. Reh1) 28... Qd4+ 29. Kb1 Qb4+ 30. Kc1 {Black must now prevent Bxg6!} Qa3+ 31. Kd2 Qb4+ 32. Kd1 Qb1+ 33. Ke2 Qxa2 34. Kf2 d5 $2 (34... a6 35. Rh6 (35. Bxg6 hxg6 36. Re2 Rg7 $11) 35... Qb2) 35. Qe5 Qa5 36. Qd4 {Bxg6! is the strong threat.} Qd8 {[#]} 37. Bxg6 $1 {[%mdl 512]} Rg7 38. Bh5 Qg5 {[%csl Gg7][%cal Rg5g2]} 39. Bg4 Rc8 40. Re2 (40. Rh5 $142 Qg6 41. Rxd5) 40... Rc4 41. Qd3 Qd8 42. Be6+ Kh8 43. Bxd5 Qb6+ 44. Kf1 {White mates.} Rc8 45. Re6 Qa5 {[#]} 46. Rxh7+ $3 {[%mdl 576] Back Rank} Rxh7 47. Qd4+ {[%mdl 64] Double Attack.  Weighted Error Value: White=0.47/Black=0.88} 1-0

[Event "Belgrade Spring Open 2021"]
[Site "Belgrade"]
[Date "2021.04.04"]
[Round "4.1"]
[White "Sturt, Raven"]
[Black "Martirosyan, Haik M."]
[Result "0-1"]
[WhiteElo "2490"]
[BlackElo "2620"]
[Annotator "TA"]
[PlyCount "112"]
[EventDate "2021.04.02"]
[EventType "swiss"]
[EventCountry "SRB"]
[SourceTitle "playchess.com"]
[Source "ChessBase"]
[SourceQuality "1"]

{[%evp 21,112,0,0,-14,-4,-12,13,21,22,25,36,39,52,49,51,51,62,51,54,54,50,45,79,85,77,94,84,41,57,66,60,24,24,14,26,23,64,38,89,33,39,39,36,18,32,6,37,40,54,3,7,0,0,0,0,-202,-215,-83,-62,-54,0,-12,-12,-12,-12,-12,-12,-12,-12,-12,0,-13,-14,-12,-12,-1536,-935,-1348,-1129,-29966,-29967,-29966,-29966,-5306,-5306,-29995,-29969,-29980,-5206,-29981,-29982,-29982,-29983]} 1. c4 e5 2. g3 Nf6 3. Bg2 d5 4. cxd5 Nxd5 5. Nc3 Nb6 6. Nf3 Nc6 7. O-O Be7 8. d3 O-O 9. a3 Be6 10. b4 {[%cal Bb2b4,Bb4b5][%mdl 32]} a5 11. b5 Nd4 12. Rb1 {has lost popularity (12.Nd2). A29: English Opening: Four Knights Variation with 4 g3.} Nxf3+ 13. Bxf3 {[#]} Ra7 $5 $146 {[%mdl 8] New and interesting.} ({Predecessor:} 13... Rb8 14. Qc2 f5 15. Rd1 Kh8 16. Bg2 Bd6 17. a4 Qe7 18. Bd2 Qf7 19. Rf1 Nd7 20. f4 Nf6 21. fxe5 Bxe5 {½-½ (44) Nepomniachtchi,I (2711)-Karjakin,S (2788) Moscow 2011}) 14. Na4 {The position is equal.} Ba2 15. Rb2 Bd5 16. Nxb6 Bxf3 17. exf3 {[#] And now Nc4 would win.} cxb6 18. Re2 Qd5 19. f4 Bd6 20. fxe5 Bxe5 21. a4 Raa8 22. Be3 Bd4 23. Bxd4 Qxd4 24. Re4 Qd5 25. Qe2 Rad8 26. Rd1 h6 27. h4 Rd6 28. Rc1 Rd7 29. Rcc4 Kh7 ({Better is} 29... Qxd3 $14 30. Qxd3 Rxd3) 30. Re3 (30. Re5 $16 Qd6 31. h5) 30... Rfd8 $14 31. h5 f6 32. Rce4 Rc7 {Strongly threatening ...Rc1+.} 33. Qf3 (33. Qg4 $5 {[%cal Rg4g6]} Qg5 34. Qf3 $11) 33... Rdd7 34. Kg2 Rc3 35. Re6 (35. Qg4 $14 Re7 36. f3 Rxe4 37. Rxe4) 35... Rxd3 $11 36. Rxb6 (36. Rxd3 {is more complex.} Qxe6 37. Re3 Qf7 38. Qf5+ Kg8 39. Re4) 36... Rxe3 37. fxe3 {[%mdl 4096] Endgame Qxd5 is the strong threat. KQR-KQR} Qd3 38. e4 $2 {[#]} (38. Rxb7 $11 {and White is okay.} Qc2+ 39. Kh3) 38... Qc2+ $1 $19 39. Kh3 {Hoping for Qf5+.} Rd2 40. Qf5+ $1 ({But not} 40. Rxb7 $2 Rf2 $19) 40... Kh8 (40... Kg8 $1 $15 41. Rxb7 Rh2+ 42. Kg4 Qe2+ 43. Qf3 f5+ 44. exf5 Qd2) 41. Rxb7 {Intending Rb8+ and mate.} Rh2+ 42. Kg4 {Threatening mate with Rb8+.} Qd1+ 43. Qf3 f5+ 44. exf5 Qxa4+ 45. Qf4 Qd1+ 46. Qf3 Re2 47. Kh3 $1 {Black must now prevent Rb8+.} ({Don't blunder} 47. Rb8+ $2 Kh7 $19) 47... Qd2 48. Rb8+ $2 {[%mdl 8192] Loses the game.} (48. Qh1 $11 Qd3 49. Rf7) 48... Kh7 {( -> ...Rh2+)} 49. Qf4 Qe1 50. Qf3 Re3 51. Qg2 Qd1 {[%cal Rd1h5]} 52. Kh4 Re1 53. g4 Rh1+ 54. Kg3 Rg1 (54... Qd3+ $142 55. Kf2 Rb1 56. Re8 Qd4+ 57. Kg3 Rb3+ 58. Qf3 Qg1+ 59. Kf4 Qh2+ 60. Ke4 Qc2+ 61. Kf4 Qc7+ 62. Re5 Rxf3+ 63. Kxf3 Qxe5 64. Kg2 a4 65. g5 hxg5 66. Kf3 a3 67. h6 Kxh6 68. f6 gxf6 69. Kf2 a2 70. Kg2 a1=Q 71. Kh3 Qh1+ 72. Kg4 Qh5#) 55. Rc8 Rxg2+ 56. Kxg2 Qxg4+ {[%mdl 64] Double Attack.  Weighted Error Value: White=0.74/Black=0.25} 0-1

[Event "Belgrade Spring Open 2021"]
[Site "Belgrade"]
[Date "2021.04.04"]
[Round "4.2"]
[White "Sargsyan, Shant"]
[Black "Kazakouski, Valery"]
[Result "1/2-1/2"]
[WhiteElo "2598"]
[BlackElo "2476"]
[Annotator "TA"]
[PlyCount "31"]
[EventDate "2021.04.02"]
[EventType "swiss"]
[EventCountry "SRB"]
[SourceTitle "playchess.com"]
[Source "ChessBase"]
[SourceQuality "1"]

{[%evp 11,31,12,13,0,22,0,7,0,0,-9,6,0,0,-23,-1,-20,-15,-27,-24,-28,-21,-45]} 1. d4 f5 2. Nc3 Nf6 3. Bg5 d5 4. Bxf6 exf6 5. e3 Be6 6. Bd3 Nc6 {[%cal Bb8c6,Bc6e7,Be7c8,Bc8d6][%mdl 32]} 7. h4 {A80: Dutch Defence: Unusual White second moves.} h5 8. Nh3 Qd7 9. Nf4 Bf7 10. a3 g6 {[#]} 11. Qd2 $146 ({Predecessor:} 11. Qf3 Ne7 12. Bb5 c6 13. Bd3 Nc8 14. Qe2 Nd6 15. O-O-O O-O-O 16. Kb1 Ne4 17. Qe1 {1-0 (51) Bus,K (2257)-Slomczewski,M (2045) Zgierz 2018}) 11... Ne7 12. O-O-O O-O-O 13. Kb1 Kb8 14. Na2 Nc8 15. Qa5 Nd6 16. Ne2 {Weighted Error Value: White=0.10/Black=0.04} ({Don't blunder} 16. Nxd5 $2 b6 $19) 1/2-1/2

[Event "Belgrade Spring Open 2021"]
[Site "Belgrade"]
[Date "2021.04.04"]
[Round "4.3"]
[White "Pastar, Slaven"]
[Black "Milosevic, Milos"]
[Result "1/2-1/2"]
[WhiteElo "2374"]
[BlackElo "2334"]
[Annotator "TA"]
[PlyCount "120"]
[EventDate "2021.04.02"]
[EventType "swiss"]
[EventCountry "SRB"]
[SourceTitle "playchess.com"]
[Source "ChessBase"]
[SourceQuality "1"]

{[%evp 9,120,4,7,7,20,2,16,8,8,11,7,0,11,-13,7,-18,0,0,-1,-39,0,-11,-20,-30,-36,-22,-23,-56,-45,-57,-12,-20,-15,-24,-15,-19,-9,-16,-15,-14,27,16,22,14,14,9,24,25,22,0,0,0,21,29,36,40,47,0,62,23,23,23,50,23,22,0,42,42,42,43,102,0,42,27,42,0,42,34,42,42,42,42,42,42,42,42,42,42,50,0,18,0,0,0,0,0,0,0,0,0,0,0,0,0,0,0,0,0,0,0,0,0,29998]} 1. b3 d5 2. Bb2 Bg4 3. h3 Bh5 4. g3 Nd7 5. Bg2 c6 6. Nf3 {A01: Nimzowitsch-Larsen Opening.} Ngf6 7. O-O e6 8. d3 a5 9. c4 Be7 10. Nbd2 O-O 11. Qc2 a4 {[#]} 12. Rad1 $146 ({Predecessor:} 12. g4 Bg6 13. Nh4 Bb4 14. Nxg6 hxg6 15. Bc3 Qa5 16. Bxb4 Qxb4 17. a3 axb3 18. axb4 bxc2 {½-½ (66) Markoja,B (2306)-Beliavsky,A (2623) Nova Gorica 2015}) 12... axb3 13. axb3 Qb6 14. e4 Nc5 15. g4 {Black must now prevent Bxf6.} Bg6 {[%cal Rd5e4]} 16. Ne5 dxe4 17. dxe4 Rfd8 18. Ra1 Rxa1 19. Rxa1 Nfd7 {White should prevent ...Nxe5.} 20. Nxg6 hxg6 21. Bc3 Bf6 22. b4 {[%cal Bb3b4,Bb4b5][%mdl 32]} Bxc3 23. Qxc3 Na6 {[%cal Bc5a6,Ba6b4,Bb4c2][%mdl 32]} 24. Rb1 Qc7 (24... Ne5 $5) 25. Nf3 c5 26. b5 $36 {[%mdl 2048] Black is under pressure.} Nb4 27. Rd1 Nb6 28. Rxd8+ Qxd8 29. Qe3 Qd1+ ({Not} 29... Nxc4 $2 30. Qxc5 Qd1+ 31. Bf1 $18) 30. Bf1 $1 Nd7 (30... Nc2 $5 {[%cal Rc2e3]} 31. Qf4 (31. Qxc5 Qxf3 32. Qxb6 Qd1 $11) 31... Nd7 $11) 31. e5 Nc2 32. Qe4 b6 $1 33. Kg2 Nf8 (33... Kf8 $1 $11) 34. Bd3 Nb4 35. Be2 Qd7 36. Kg3 Qc7 37. Kg2 (37. Qa8 {seems wilder.} g5 38. Qe8 f6 39. Kg2 Qb7 40. Qd8) 37... Qd7 38. h4 Qe7 39. Bd3 Qd7 {[#]} ({Better is} 39... Nxd3 $14 40. Qxd3 Qc7) 40. Be2 (40. Bb1 $1 $16) 40... Qe7 $14 41. Kg3 Qc7 42. Kg2 Qd7 43. Kf1 Qa7 44. Ng5 Nd7 45. Kg2 Qb8 46. f4 Nf8 47. Nf3 Qa7 48. Kg3 Qa2 49. Ng5 {Hoping for Qb7!} Qd2 {The position is equal.} 50. Qb7 Qe3+ 51. Bf3 Qg1+ 52. Kh3 Qf1+ {[%mdl 64] [#] Double Attack} 53. Kg3 Qg1+ 54. Bg2 Qe3+ 55. Bf3 Qg1+ 56. Kh3 Qf1+ {[%mdl 64] Double Attack} 57. Kh2 Qf2+ {[%mdl 64] Double Attack} 58. Kh3 Qf1+ {[%mdl 64] Double Attack} 59. Kh2 Qf2+ {[%mdl 64] Double Attack} 60. Kh3 Qe3 $2 {[%mdl 40960] Weighted Error Value: White=0.10/Black=0.09. An unexpected result.} (60... Qf1+ $11 61. Kg3 Qg1+) 1/2-1/2